LEADER 00955cam0 2200265 450 001 E600200042178 005 20200722104804.0 100 $a20081119d1969 |||||ita|0103 ba 101 $afre 102 $aFR 200 1 $a<>Océanie$fAndré Guilcher 210 $aParis$cPresses Universitaires de France$d1969 215 $a295 p.$cill.$d19 cm 225 2 $aMagellan$ela géographie et ses problèmes$fdir$hP.George$v32 410 1$1001LAEC00025776$12001 $a*Magellan : la géographie et ses problèmes / dir. P.George$v32 700 1$aGuilcher$b, André$3A600200051001$4070$0486620 801 0$aIT$bUNISOB$c20200722$gRICA 850 $aUNISOB 852 $aUNISOB$j910|Coll|1|K$m10455 912 $aE600200042178 940 $aM 102 Monografia moderna SBN 941 $aM 957 $a910|Coll|1|K$b000020$gSi$d10455$racquisto$1catenacci$2UNISOB$3UNISOB$420081119120931.0$520200722104804.0$6Spinosa 996 $aOcéanie$9304467 997 $aUNISOB LEADER 01011nlm 2200277Ia 450 001 996573166603316 005 20240201142946.0 100 $a19851121d1653---- uy | 101 0 $aeng 102 $aUK 135 $adrcnu 200 1 $a<>paraphrase, and annotations upon all the books of the New Testament$ebriefly explaining all the difficult places thereof$fby H. Hammond .. 210 1 $aLondon$cPrinted by J. Flesher for Richard Royston ...$d1653 215 $aTesto elettronico (PDF) ( [6], xii, 1008, [18] p.) 230 $aBase dati testuale 300 $aErrata: pag. [18] 300 $aRiproduzione dell'originale conservata nella Union Theological Seminary Library, New York. 606 0 $aBibbia. Nuovo Testamento$2BNCF 676 $a226 700 1$aHAMMOND,$bHenry$f1605-1660.$0322258 801 0$aIT$bcba$cREICAT 912 $a996573166603316 959 $aEB 969 $aER 996 $aParaphrase and Annotations Upon All the Books of the New Testament$91876486 997 $aUNISA